| 000 | 00799nam a2200217 a 4500 | ||
|---|---|---|---|
| 003 | 0 | ||
| 005 | 20250310162918.0 | ||
| 008 | 080827s19uu xx 00 eng d | ||
| 050 |
_aPGS QP 601 _b.W244 2008 |
||
| 100 | _aWan, Alexander Nathaniel. | ||
| 245 |
_aEffects of temperature, pH levels and sugar concentrations on yeast activity / _cAlexander Nathaniel Wan. |
||
| 260 |
_aLas PiƱas City, Philippines : _bSouthville International School and Colleges, _c2008. |
||
| 300 |
_a26 pages : _billustrations ; _c28 cm. |
||
| 504 | _aIncludes bibliographical references. | ||
| 650 |
_aYeast _vEffect of temperature on. |
||
| 650 |
_aYeast _vEffect of pH on. |
||
| 650 |
_aYeast _vMetabolism. |
||
| 650 |
_aSaccharomyces _vPhysiology. |
||
| 650 | _aFermentation. | ||
| 942 |
_2lcc _cPASS |
||
| 999 |
_c98041 _d98041 |
||